000
00307 a2200109 4500
001
ART_33059
005
20260410161926.0
008
260409a
245
1
0
_a
Operaciones a fijar precio segĂșn futuros
100
1
_a
Ouvrard, Gustavo
773
0
_t
Lecturas
_g
- NÂș 11 (ene. 2008)
_w
REV19328
999
_c
28191
_d
28191